1442 1765 1693 1381 1976 1608 1677 1630 1748 1810 1680 1525 1835 1070 1002 1563 1058 1857 1913 1882 1296 1002 1973 1171 1959 1377 1062 1893 1147 1223 1338 1593 1113 1148 1687 1915 1519 1957 1549 1211 1109 1145 1490 1069 1001 1787 1078 1737 1829 1217 1916 1500 1048 1927 1586 1105 1726 1868 1288 1854 1230 1629 1019 1501 1251 1365 1851 1602 1323 1497 1666 1604 1852 1608 1410 1430 1101 1949 1426 1971 1167 1844 1201 1917 1975 1433 1014 1032 1509 1007 1101 1559 1498 1325 1958 1601 1631 1143 1890 BCNSPRNW ULIB Ver.6.0+V

เปลี่ยนเป็นภาษาไทย

Change to English
 แสดงรายละเอียดบรรณานุกรม
  กลับหน้าหลัก

Brief Record : Get Marc (ISO 2709) : E-mail record : QR code < ปิดหน้าต่าง
LEADER : 00000nam 2200000uu 4500
001    13399126139
003     ULIB
008    180612s2015||||th 000 0 tha d
020    ^a9780521173803
050 00 ^aPE1128^bC172^cV.8
245 10 ^aCambridge practice tests for IELTS 8
260    ^aCambridge :^bCambridge University Press,^c2015
300    ^a176 p.:^bill. ;^c25 cm.
650 00 ^aInternational English Language Testing System.
650 00 ^aEnglish language^xExaminations, questions, etc.
650 00 ^aEnglish language^xTextbooks for foreign speakers
945    ^p530^l0^i004235
999    ^aวรรณษา ชูชัยมงคล
รายการนี้ยังไม่มีแท็ก
คุณยังไม่ได้ล็อกอิน คุณสามารถมีกิจกรรมร่วมกับเว็บไซต์ได้ แต่ต้องล็อกอินก่อน ::
  ล็อกอิน

รายการสื่อสารสนเทศ

ลำดับที่ ประเภท เลขเรียก/บาร์โค้ด สถานที่ สถานะ
1. วิทยาศาสตร์การแพทย์ และสุขภาพ
หนังสือสำรอง
สถานะ=หนังสือสำรอง
PE1128 C172 V.8 ฉ.1 
  Barcode: 004235
ห้องสมุดวิทยาเขตสวรรค์ประชารักษ์
►หนังสือทั่วไป
บนชั้น

รายการใกล้เคียง
    ชื่อเรื่อง [Cambridge practice tests for IELTS 8]

    หัวเรื่อง [International English Language Testing System.]

BibComment


ยังไม่เคยถูกคอมเมนท์

คอมเมนท์ทรัพยากรรายการนี้
  คอมเมนท์: Cambridge practi..


 Copyright 2026. Bcnsprnw @Library